000 00404nam a2200169Ia 4500
001 16079
003 IN-NITTTR
005 20251114233151.0
008 251113s9999||||xx |||||||||||||| ||eng||
040 _beng
040 _cIN-NITTTR
041 _aeng
082 _a658.478 L24S
100 _aLane, V. P.
245 0 _aSecurity of computer based information systems. /
_cLane, V. P.
942 _2ddc
_cBK
999 _c18713
_d18713